<?xml version="1.0" encoding="UTF-8"?>
<record
    xmlns:xsi="http://www.w3.org/2001/XMLSchema-instance"
    xsi:schemaLocation="http://www.loc.gov/MARC21/slim http://www.loc.gov/standards/marcxml/schema/MARC21slim.xsd"
    xmlns="http://www.loc.gov/MARC21/slim">

  <leader>02092nam0a2200325   4500</leader>
  <controlfield tag="001">RU\NLR\ONL1\22244</controlfield>
  <controlfield tag="005">20260406112252.0</controlfield>
  <datafield tag="035" ind1=" " ind2=" ">
    <subfield code="a">(NLR Aleph) 010207965</subfield>
  </datafield>
  <datafield tag="090" ind1=" " ind2=" ">
    <subfield code="a">10261364</subfield>
    <subfield code="c">10261364</subfield>
  </datafield>
  <datafield tag="100" ind1=" " ind2=" ">
    <subfield code="a">20130221d1942    m  y0rusy50      ca</subfield>
  </datafield>
  <datafield tag="101" ind1="0" ind2=" ">
    <subfield code="a">pem</subfield>
  </datafield>
  <datafield tag="102" ind1=" " ind2=" ">
    <subfield code="a">RU</subfield>
  </datafield>
  <datafield tag="105" ind1=" " ind2=" ">
    <subfield code="a">y |||||||||</subfield>
  </datafield>
  <datafield tag="200" ind1="1" ind2=" ">
    <subfield code="a">&#x418;&#x43D;&#x43E;&#x441;&#x442;&#x440;&#x430;&#x43D;&#x43D;&#xF6;&#x439; &#x434;&#x435;&#x43B;&#xF6;&#x44F;&#x441; &#x43A;&#x443;&#x437;&#x44F; &#x41D;&#x430;&#x440;&#x43E;&#x434;&#x43D;&#xF6;&#x439; &#x41A;&#x43E;&#x43C;&#x438;&#x441;&#x441;&#x430;&#x440; &#x412;. &#x41C;. &#x41C;&#x43E;&#x43B;&#x43E;&#x442;&#x43E;&#x432; &#x451;&#x440;&#x442;&#x43B;&#xF6;&#x43D; &#x43E;&#x43A;&#x43A;&#x443;&#x43F;&#x438;&#x440;&#x443;&#x439;&#x442;&#xF6;&#x43C; &#x441;&#x43E;&#x432;&#x435;&#x442;&#x441;&#x43A;&#xF6;&#x439; &#x440;&#x430;&#x439;&#x43E;&#x43D;&#x44A;&#x44F;&#x441;&#x44B;&#x43D; &#x43D;&#x435;&#x43C;&#x435;&#x446;&#x43A;&#x43E;-&#x444;&#x430;&#x448;&#x438;&#x441;&#x442;&#x441;&#x43A;&#xF6;&#x439; &#x437;&#x430;&#x445;&#x432;&#x430;&#x442;&#x447;&#x438;&#x43A;&#x44A;&#x44F;&#x441;&#x43B;&#xF6;&#x43D; &#x447;&#x443;&#x434;&#x43E;&#x432;&#x438;&#x449;&#x43D;&#xF6;&#x439; &#x437;&#x43B;&#x43E;&#x434;&#x435;&#x44F;&#x43D;&#x438;&#x435;&#x44F;&#x441;, &#x437;&#x432;&#x435;&#x440;&#x441;&#x442;&#x432;&#x43E;&#x44F;&#x441; &#x434;&#x430; &#x43D;&#x430;&#x441;&#x438;&#x43B;&#x438;&#x435;&#x44F;&#x441; &#x439;&#x44B;&#x43B;&#x44B;&#x441;&#x44C; &#x434;&#x430; &#x442;&#x430;&#x439;&#xF6; &#x43F;&#x440;&#x435;&#x441;&#x442;&#x443;&#x43F;&#x43B;&#x435;&#x43D;&#x438;&#x44F;&#x441;&#x44B;&#x441;&#x44C; &#x413;&#x435;&#x440;&#x43C;&#x430;&#x43D;&#x441;&#x43A;&#xF6;&#x439; &#x43F;&#x440;&#x430;&#x432;&#x438;&#x442;&#x435;&#x43B;&#x44C;&#x441;&#x442;&#x432;&#x43E;&#x43B;&#xF6;&#x43D; &#x434;&#x430; &#x43A;&#x43E;&#x43C;&#x430;&#x43D;&#x434;&#x43E;&#x432;&#x430;&#x43D;&#x438;&#x435;&#x43B;&#xF6;&#x43D; &#x43A;&#x44B;&#x432;&#x43A;&#x443;&#x442;&#xF6;&#x43C; &#x439;&#x44B;&#x43B;&#x44B;&#x441;&#x44C;</subfield>
  </datafield>
  <datafield tag="210" ind1=" " ind2=" ">
    <subfield code="a">&#x421;&#x44B;&#x43A;&#x442;&#x44B;&#x432;&#x43A;&#x430;&#x440;</subfield>
    <subfield code="c">&#x41A;&#x43E;&#x43C;&#x438;&#x433;&#x43E;&#x441;&#x438;&#x437;&#x434;&#x430;&#x442;</subfield>
    <subfield code="d">1942</subfield>
  </datafield>
  <datafield tag="215" ind1=" " ind2=" ">
    <subfield code="a">32 &#x441;.</subfield>
    <subfield code="d">22</subfield>
  </datafield>
  <datafield tag="300" ind1=" " ind2=" ">
    <subfield code="a">&#x410;&#x432;&#x442;. &#x443;&#x43A;&#x430;&#x437;&#x430;&#x43D; &#x432; &#x43A;&#x43E;&#x43D;&#x446;&#x435; &#x442;&#x435;&#x43A;&#x441;&#x442;&#x430;</subfield>
  </datafield>
  <datafield tag="541" ind1="1" ind2=" ">
    <subfield code="a">&#x41D;&#x43E;&#x442;&#x430; &#x41D;&#x430;&#x440;&#x43E;&#x434;&#x43D;&#x43E;&#x433;&#x43E; &#x41A;&#x43E;&#x43C;&#x438;&#x441;&#x441;&#x430;&#x440;&#x430; &#x418;&#x43D;&#x43E;&#x441;&#x442;&#x440;&#x430;&#x43D;&#x43D;&#x44B;&#x445; &#x434;&#x435;&#x43B; &#x442;&#x43E;&#x432;. &#x412;. &#x41C;. &#x41C;&#x43E;&#x43B;&#x43E;&#x442;&#x43E;&#x432;&#x430; &#x43E; &#x447;&#x443;&#x434;&#x43E;&#x432;&#x438;&#x449;&#x43D;&#x44B;&#x445; &#x437;&#x43B;&#x43E;&#x434;&#x435;&#x44F;&#x43D;&#x438;&#x44F;&#x445;, &#x437;&#x432;&#x435;&#x440;&#x441;&#x442;&#x432;&#x430;&#x445; &#x438; &#x43D;&#x430;&#x441;&#x438;&#x43B;&#x438;&#x44F;&#x445; &#x43D;&#x435;&#x43C;&#x435;&#x446;&#x43A;&#x43E;-&#x444;&#x430;&#x448;&#x438;&#x441;&#x442;&#x441;&#x43A;&#x438;&#x445; &#x437;&#x430;&#x445;&#x432;&#x430;&#x442;&#x447;&#x438;&#x43A;&#x43E;&#x432; &#x432; &#x43E;&#x43A;&#x43A;&#x443;&#x43F;&#x438;&#x440;&#x43E;&#x432;&#x430;&#x43D;&#x43D;&#x44B;&#x445; &#x441;&#x43E;&#x432;&#x435;&#x442;&#x441;&#x43A;&#x438;&#x445; &#x440;&#x430;&#x439;&#x43E;&#x43D;&#x430;&#x445; &#x438; &#x43E;&#x431; &#x43E;&#x442;&#x432;&#x435;&#x442;&#x441;&#x442;&#x432;&#x435;&#x43D;&#x43D;&#x43E;&#x441;&#x442;&#x438; &#x413;&#x435;&#x440;&#x43C;&#x430;&#x43D;&#x441;&#x43A;&#x43E;&#x433;&#x43E; &#x43F;&#x440;&#x430;&#x432;&#x438;&#x442;&#x435;&#x43B;&#x44C;&#x441;&#x442;&#x432;&#x430; &#x438; &#x43A;&#x43E;&#x43C;&#x430;&#x43D;&#x434;&#x43E;&#x432;&#x430;&#x43D;&#x438;&#x44F; &#x437;&#x430; &#x44D;&#x442;&#x438; &#x43F;&#x440;&#x435;&#x441;&#x442;&#x443;&#x43F;&#x43B;&#x435;&#x43D;&#x438;&#x44F;</subfield>
    <subfield code="z">rus</subfield>
  </datafield>
  <datafield tag="606" ind1="0" ind2=" ">
    <subfield code="a">&#x412;&#x435;&#x43B;&#x438;&#x43A;&#x430;&#x44F; &#x41E;&#x442;&#x435;&#x447;&#x435;&#x441;&#x442;&#x432;&#x435;&#x43D;&#x43D;&#x430;&#x44F; &#x432;&#x43E;&#x439;&#x43D;&#x430;</subfield>
    <subfield code="z">1941 - 1945</subfield>
    <subfield code="9">903571</subfield>
    <subfield code="3">RU\NLR\auth\668893</subfield>
  </datafield>
  <datafield tag="606" ind1="0" ind2=" ">
    <subfield code="a">&#x424;&#x430;&#x448;&#x438;&#x441;&#x442;&#x441;&#x43A;&#x438;&#x439; &#x442;&#x435;&#x440;&#x440;&#x43E;&#x440;</subfield>
    <subfield code="9">1884137</subfield>
    <subfield code="3">RU\NLR\auth\661146817</subfield>
  </datafield>
  <datafield tag="686" ind1="1" ind2=" ">
    <subfield code="a">&#x422;3(2)722</subfield>
  </datafield>
  <datafield tag="686" ind1="1" ind2=" ">
    <subfield code="a">&#x424;4(2)</subfield>
  </datafield>
  <datafield tag="700" ind1=" " ind2="1">
    <subfield code="4">070</subfield>
    <subfield code="8">rus</subfield>
    <subfield code="7">ca</subfield>
    <subfield code="a">&#x41C;&#x43E;&#x43B;&#x43E;&#x442;&#x43E;&#x432;</subfield>
    <subfield code="b">&#x412;. &#x41C;.</subfield>
    <subfield code="f">1890-1986</subfield>
    <subfield code="g">&#x412;&#x44F;&#x447;&#x435;&#x441;&#x43B;&#x430;&#x432; &#x41C;&#x438;&#x445;&#x430;&#x439;&#x43B;&#x43E;&#x432;&#x438;&#x447;</subfield>
    <subfield code="3">RU\NLR\auth\77127154</subfield>
    <subfield code="9">110078</subfield>
  </datafield>
  <datafield tag="801" ind1=" " ind2="0">
    <subfield code="a">RU</subfield>
    <subfield code="b">NLR</subfield>
    <subfield code="c">20130221</subfield>
    <subfield code="g">PSBO</subfield>
  </datafield>
  <datafield tag="852" ind1=" " ind2=" ">
    <subfield code="a">NLR</subfield>
    <subfield code="b">&#x41E;&#x41D;&#x41B;</subfield>
    <subfield code="j">&#x41A;&#x43E;&#x43C;&#x438;-&#x437;./3-338</subfield>
  </datafield>
  <datafield tag="942" ind1=" " ind2=" ">
    <subfield code="c">BOOK</subfield>
  </datafield>
  <datafield tag="945" ind1=" " ind2=" ">
    <subfield code="a">&#x420;&#x43E;&#x441;&#x441;&#x438;&#x439;&#x441;&#x43A;&#x430;&#x44F; &#x43D;&#x430;&#x446;&#x438;&#x43E;&#x43D;&#x430;&#x43B;&#x44C;&#x43D;&#x430;&#x44F; &#x431;&#x438;&#x431;&#x43B;&#x438;&#x43E;&#x442;&#x435;&#x43A;&#x430;</subfield>
  </datafield>
  <datafield tag="980" ind1=" " ind2=" ">
    <subfield code="a">NB</subfield>
  </datafield>
  <datafield tag="980" ind1=" " ind2=" ">
    <subfield code="a">BV</subfield>
  </datafield>
  <datafield tag="995" ind1=" " ind2=" ">
    <subfield code="5">2019-11-08</subfield>
    <subfield code="b">NLR01</subfield>
    <subfield code="c">NLR01</subfield>
    <subfield code="e">ONL</subfield>
    <subfield code="f">1-2430338</subfield>
    <subfield code="k">&#x41E;&#x41D;&#x41B; &#x41A;&#x43E;&#x43C;&#x438;-&#x437;./3-338</subfield>
    <subfield code="o">0</subfield>
    <subfield code="r">BOOK</subfield>
    <subfield code="s">_3338</subfield>
  </datafield>
</record>
